00183nam a2200073Ia 4500082001600000245001300016100003900029008004100068 aTSO KF MNIS 0aNdzilo!  a Mnisi, Solomon Centurion, 2008 210817s9999 xx 000 0 und d